000 00643nam a22002297a 4500
005 20170124110242.0
010 _aA-066697
020 _c45.00
035 _aA-066697
037 _bCen Lib/Ret
040 _aDPL
_bEN
082 _a181.432
_bSHA
100 _aSharma, H.L.
_934444
245 _aThe psychodynamics of yoga /
_cby H. L. Sharma
260 _a Delhi
_bGDK Publications
_c1981
270 _a3623, Chawari Bazar
_b Delhi
_e110006
300 _a160p.
_c21cm(Hb)
500 _aincludes index
650 _aPsychology
_9107445
650 _aPsychology -- dynamics
_995778
942 _2ddc
_cEN
_h181.432
_mSHA
999 _c135270
_d135270